Droit de l'environnement / (Record no. 124980)

MARC details
000 -LEADER
campo de control de longitud fija 02398cam a2200481 a 4500
001 - NÚMERO DE CONTROL
campo de control 13010757
003 - IDENTIFICADOR DE NÚMERO DE CONTROL
campo de control BJBSDDR
005 - FECHA Y HORA DE LA ÚLTIMA TRANSACCIÓN
campo de control 20260409161211.0
007 - CAMPO FIJO DE DESCRIPCIÓN FÍSICA--INFORMACIÓN GENERAL
campo de control de longitud fija ta
008 - DATOS DE LONGITUD FIJA--INFORMACIÓN GENERAL
campo de control de longitud fija 021024s2021 fr b 000 0 fre d
010 ## - NÚMERO DE CONTROL DE LA BIBLIOTECA DEL CONGRESO
Número de control de LC 2002551040
020 ## - NÚMERO INTERNACIONAL ESTÁNDAR DEL LIBRO
Número Internacional Estándar del Libro 9782130825210
020 ## - NÚMERO INTERNACIONAL ESTÁNDAR DEL LIBRO
Número Internacional Estándar del Libro 2130825214
035 ## - NÚMERO DE CONTROL DEL SISTEMA
Número de control de sistema 13010757
035 ## - NÚMERO DE CONTROL DEL SISTEMA
Número de control de sistema (CStRLIN)NYULB4300798-B
035 ## - NÚMERO DE CONTROL DEL SISTEMA
Número de control de sistema (NNU-L)b4300798
040 ## - FUENTE DE CATALOGACIÓN
Centro catalogador/agencia de origen TZT
Centro/agencia transcriptor TZT
Centro/agencia modificador UIU
-- NNU-L
-- MvI
-- MvI
-- CStRLIN
-- DLC
Lengua de catalogación fre
041 ## - CÓDIGO DE IDIOMA
Código de lengua del texto/banda sonora o título independiente fre
042 ## - CÓDIGO DE AUTENTICACIÓN
Código de autenticación lccopycat
043 ## - CÓDIGO DE ÁREA GEOGRÁFICA
Código de área geográfica e-fr---
050 14 - SIGNATURA TOPOGRÁFICA DE LA BIBLIOTECA DEL CONGRESO
Número de clasificación KJV 5406
Número de ítem V259d 2021
082 00 - NÚMERO DE LA CLASIFICACIÓN DECIMAL DEWEY
Número de clasificación 344.4404/6
100 1# - ENTRADA PRINCIPAL--NOMBRE DE PERSONA
Nombre de persona Van Lang, Agathe,
Fechas asociadas al nombre 1966-
9 (RLIN) 44666
245 10 - MENCIÓN DEL TÍTULO
Título Droit de l'environnement /
Mención de responsabilidad, etc. Agathe Van Lang.
250 ## - MENCION DE EDICION
Mención de edición 5e édition mise à jour
260 ## - PUBLICACIÓN, DISTRIBUCIÓN, ETC.
Lugar de publicación, distribución, etc. Paris :
Nombre del editor, distribuidor, etc. Presses Universitaires de France,
Fecha de publicación, distribución, etc. c2021.
300 ## - DESCRIPCIÓN FÍSICA
Extensión xviii, 623 pages ;
Dimensiones 22 cm.
336 ## - TIPO DE CONTENIDO
Término de tipo de contenido text
Código de tipo de contenido txt
Fuente rdacontent
337 ## - TIPO DE MEDIO
Nombre/término del tipo de medio unmediated
Código del tipo de medio n
Fuente rdamedia
338 ## - TIPO DE SOPORTE
Nombre/término del tipo de soporte volume
Código del tipo de soporte nc
Fuente rdacarrier
490 1# - MENCIÓN DE SERIE
Mención de serie Thémis.
500 ## - NOTA GENERAL
Nota general Puf = Presses universitaires de France
504 ## - NOTA DE BIBLIOGRAFÍA, ETC.
Nota de bibliografía, etc. Includes bibliographical references (pages [467]-475)
520 ## - RESUMEN, ETC.
Sumario, etc. Depuis la nuit des temps, les hommes ont plié la nature et ses ressources à la satisfaction de leurs besoins en lui faisant subir de redoutables transformations qui, jusqu'au début du XXe siècle, se sont produits à un rythme suffisamment lent pour que la nature puisse s'adapter. Le développement de la société industrielle dominée par une logique de production intense a précipité le déséquilibre. Parallèlement, des normes ont été édictées pour "protéger" les milieux naturels, ceci dès la plus haute Antiquité. Contrairement aux autres disciplines juridiques, ce droit ne jouit pas d'un statut bien défini : les notions et règles sont jugées floues, ses frontières et sa nature, entre droit public et droit privé, sont imprécises. Mais c'est un droit résolument moderne dont le pouvoir de renouvellement et d'adaptation est réel. »-- Résumé de l'éditeur
650 #0 - PUNTO DE ACCESO ADICIONAL DE MATERIA--TÉRMINO DE MATERIA
Término de materia o nombre geográfico como elemento de entrada Environmental law
Subdivisión geográfica France.
650 #4 - PUNTO DE ACCESO ADICIONAL DE MATERIA--TÉRMINO DE MATERIA
Término de materia o nombre geográfico como elemento de entrada Derecho ambiental
Subdivisión geográfica Francia
9 (RLIN) 6027
830 #0 - PUNTO DE ACCESO ADICIONAL DE SERIE-TÍTULO UNIFORME
Título uniforme Thémis.
Nombre de parte o sección de la obra Droit
9 (RLIN) 9883
906 ## - ELEMENTOS DE DATOS F LOCAL, LDF (RLIN)
a 7
b cbc
c copycat
d 3
e ncip
f 20
g y-gencatlg
942 ## - ELEMENTOS DE ENTRADA SECUNDARIOS (KOHA)
Fuente del sistema de clasificación o colocación Clasificación de Library of Congress
Tipo de ítem Koha Libro
946 ## - PROCESAMIENTO DE INFORMACIÓN LOCAL (OCLC)
Iniciales del agente catalogador rmza
Holdings
Estatus retirado Estado de pérdida Fuente del sistema de clasificación o colocación Estado de daño No para préstamo Colección Biblioteca de origen Biblioteca actual Ubicación en estantería Fecha de adquisición Signatura topográfica completa Código de barras Visto por última vez Copia número Tipo de ítem Koha
    Clasificación de Library of Congress     Ciencias Sociales Biblioteca Juan Bosch Biblioteca Juan Bosch Ciencias Sociales (3er. Piso) 29/08/2025 KJV 5406 V259d 2021 00000195440 29/08/2025 1 Libro